Most Requested Smash Fighters - Statistics

General Stats
  • This quiz has been taken 11 times
  • The average score is 19 of 50
Answer Stats
Hint Answer % Correct
4 Waluigi
100%
1 Crash
88%
25 Zero
75%
28 Sans
63%
18 Tails
63%
39 Toad
63%
44 Alucard
50%
50 Ashley
50%
2 Bandana Waddle Dee
50%
12 Dixie Kong
50%
9 Doom Slayer
50%
33 Impa
50%
19 Karate Joe
50%
6 Master Chief
50%
3 Phoenix Wright
50%
29 Ryu Hayabusa
50%
15 Shovel Knight
50%
21 Skull Kid
50%
23 Bomberman
38%
10 Dr Eggman
38%
35 Krystal
38%
22 Monster Hunter
38%
17 Paper Mario
38%
14 Reimu
38%
38 Scorpion
38%
16 Shadow
38%
26 Spyro
38%
13 Travis Touchdown
38%
43 2B
25%
37 Arle
25%
49 Chibi-Robo
25%
8 Dante
25%
24 Elma
25%
20 Hollow Knight
25%
7 Isaac
25%
46 Monokuma
25%
45 Porky
25%
32 Professor Layton
25%
36 Raven Beak
25%
5 Rayman
25%
11 Shantae
25%
41 Amaterasu
13%
42 Crono
13%
27 Heavy
13%
47 Kazuma
13%
34 Klonoa
13%
40 Lloyd
13%
31 Officer Howard
13%
30 Sol Badguy
13%
48 Agumon
0%
No matching quizzes found
Score Distribution
Percent of People with Each Score
Percentile by Number Answered
Your Score History
You have not taken this quiz